000 00950nam a2200289 i 4500
003 EG-GICUC
005 20260313001057.0
008 260312s1984 us ||||fr|||| 001 0 eng d
040 _aEG-GiCUC
_beng
_cEG-GiCUC
_dEG-GiCUC
_eRda
082 0 4 _221
_a341.6
_bRZ . W
092 0 4 _221
099 _aLaw1 11 341.6 RZ . W 1984
100 1 _aRzheshevskl, Oleg
_eAuthor.
245 1 0 _aWorld War II Myths and the Realities /
_b
_cOleg Rzheshevskl.
264 1 _aMoscow :
_bProgress Publishers,
_c1984.
300 _a271page :
_billustration ;
_c 24 cm.
336 _2rda contenu
_a texte
337 _2rda medias
_aOrdinateur
338 _2 transporteur rda
_a Ressource en ligne
504 _aIncludes bibliographical references and index.
546 _aText in English
650 1 4 _aPublic international law
_2
651 1 _2
856 4 0 _uhttps://fll.law.cu.edu.eg/fulltext/bks/B11-08527.pdf
905 _a50
942 _2ddc
_cBK
_e21
_n0
999 _c66291
_d66291